Stat labs : mathematical statistics through applications

Αποθηκεύτηκε σε:
Λεπτομέρειες βιβλιογραφικής εγγραφής
Κύριος συγγραφέας: Nolan, Deborah Ann
Άλλοι συγγραφείς: Speed, T. P.
Μορφή: Βιβλίο
Γλώσσα:English
Δημοσίευση: New York : Springer, 2000
Σειρά:Springer texts in statistics
Θέματα:
Ετικέτες: Προσθήκη ετικέτας
Δεν υπάρχουν, Καταχωρήστε ετικέτα πρώτοι!

MARC

LEADER 00000nam a2200000 i 4500
001 1/103773
008 090406s2000 eng d
020 |a 978-0-387-98974-7 
035 |l 10104178 
040 |a GR-MY-UA  |b gre  |e aacr 
041 0 |a eng 
082 0 |a 519.5  |2 (22) 
100 1 |a Nolan, Deborah Ann. 
245 1 0 |a Stat labs :  |b mathematical statistics through applications /  |c Deborah Nolan, Terry Speed 
260 |a New York :   |b Springer,   |c 2000 
300 |a xviii, 282 σ.;  |b εικ.;  |c 24 εκ. 
490 1 |a Springer texts in statistics 
504 |a Περιέχει βιβλιογραφικές παραπομπές και ευρετήριο 
650 0 0 |a Mathematical statistics. 
700 1 |a Speed, T. P. 
830 0 |a Springer texts in statistics 
852 |a INST  |b LESVOS  |e 20090406  |h 519.5 NOL  |p 005100044720  |q 005100044720  |t BK  |y 0 
901 |a BIBL1-2009-1 
909 |a Λ  |b 154264 
922 |a 1ΕΛΗ  |b 200809  |c ΕΠΕΑΕΚ2/ΤΓ  |d ΜΙΧΑΛΟΠΟΥΛΟΣ 
970 |a ΚΑΡΑ  |b ΓΙΑΣΕΜΗ  |z 2009/04/06